| 000 | 00502nam a22002057a 4500 | ||
|---|---|---|---|
| 005 | 20240215122642.0 | ||
| 008 | 240215b2023 |||||||| |||| 00| 0 spa d | ||
| 020 | _a9788467913163 | ||
| 041 | _aESP | ||
| 082 | _a741.595.2 A659f4 | ||
| 100 | _aArakawa, Hiromu | ||
| 245 | _aFullmetal Alchemist Kanzenban Vol. 4 | ||
| 260 | _aEspaña | ||
| 260 | _bNorma Editorial | ||
| 260 | _c2023 | ||
| 300 | _a246 páginas | ||
| 650 | _aNOVELA GRÁFICA | ||
| 650 | _aCÓMICS JAPONESES | ||
| 942 |
_2ddc _cLIT |
||
| 999 |
_c13632 _d13632 |
||